000 00932nam a22002537a 4500
005 20220215110919.0
008 220215b ||||| |||| 00| 0 eng d
020 _a978-621-04-0387-9
040 _bEnglish
_cURS
_erda
050 _aLB1580
_b.C861l 2020
245 _aA Course module for content and pedagogy for the mother tongue /
_cJonna Marie A. Lim...[and four others].
264 _aQuezon City :
_bRex Book Store, Incorporated.
_c©2020.
300 _a160 pages ;
_c26 cm.
336 _2rdacontent
_atext
_btxt
337 _2rdamedia
_aunmediated
_bn
338 _2rdacarrier
_avolume
_bnc
504 _aIncludes bibliographical references.
700 _95
_aLim, Jonna Marie A.,
_eauthor.
700 _97
_aAlata, Elen Joy P.,
_eauthor.
700 _91158
_aFerrer, Raphael M.,
_eauthor.
700 _91159
_aSantos, Anna Maria Patricia V.,
_eauthor.
700 _91160
_aPawilen, Greg Tabios.,
_ecoordinator.
942 _2lcc
_cF
999 _c57040
_d57040